00387 2200157 4500001002100000008004100021035002000062082000800082084001400090100001400104245003900118250000600157260004000163650001400203990001200217INLIS000000000001522 ind  a0010-0125000020 a607 a607 ROB b aRobert L. aBimbingan dan KonselingcRobert L. a1 aYogyakarta :bPustaka Pelajarc2011 aNon Fiksi a0714945